000 02086nam2a2200325 4500
001 RU\NLR\BIBL_A\010346009
005 20260408113912.0
010 _a978-5-904431-80-8
_9300
021 _aRU
_b2014-11678
_9748
035 _a(NILC)RuMoRGB-006746966
035 _a(NLR Aleph) 010346009
090 _a10723978
_c10723978
100 _a20140422d2011 |||y0rusy50 ca
101 0 _arus
102 _aRU
105 _aa|||z|||000yy
200 1 _aТеатральный дизайн в работе с дошкольниками
_f...ДС № 99 "Капелька"
210 _aУльяновск
_cиздатель Качалин Александр Васильевич
_d2011
215 _a63 с., [4] л. цв. ил.
_d21
461 0 _1001RU\NLR\bibl\2080384
_12000#$aПестрый мир детских проектов$eметодическое пособие лаборатории развития творческих способностей ребенка$fАНО ДО "Планета детства "Лада", Дет. сад N° 102 "Веселые звоночки"$g[сост.: Котлякова Т.А. - к.п.н., доц.]$vВып. 4
_94698398
_cТольятти
_d2011
_fАНО ДО "Планета детства "Лада", Дет. сад N° 102 "Веселые звоночки"
_nИзд-во ТГУ
_oметодическое пособие лаборатории развития творческих способностей ребенка
_tПестрый мир детских проектов
_vВып. 4
606 1 _aДошкольники
_xХудожественное воспитание
_xИспользование театра
_jМетодические пособия
_2nlr_sh2
_3RU\NLR\AUTH\6601748908
675 _a373.2.025
686 1 _aЧ411.355.25я8
712 0 2 _4570
_a"Капелька", детский сад
_c99; Тольятти
_3RU\NLR\AUTH\880366742
_9400181
801 0 _aRU
_bRuMoRKP
_c20140227
_gRCR
801 2 _aRU
_bРГБ
_c20140320
_grcr
942 _cBOOK
980 _aNB